[Event "Elit(Astorp-Rockaden)"]
[Site "?"]
[Date "2008.03.08"]
[Round "10"]
[White "Hedman, Erik"]
[Black "Nilsson, Anders"]
[Result "1-0"]
[WhiteElo "2435"]
[BlackElo "2222"]
[PlyCount "74"]

1. e4 e6 2. d4 d5 3. Nc3 Bb4 4. e5 c5 5. a3 Bxc3+ 6. bxc3 Ne7 7. Qg4 O-O 8. Bd3
Nbc6 9. Qh5 Ng6 10. Nf3 Qc7 11. Be3 c4 12. Bxg6 fxg6 13. Qg4 Qf7 14. Ng5 Qe8
15. h4 h6 16. Nh3 Ne7 17. a4 Qf7 18. Bc1 Qf5 19. Qe2 Nc6 20. Nf4 Bd7 21. g4 Qf7
22. Rh3 Ne7 23. Ng2 a5 24. Ba3 b5 25. axb5 Bxb5 26. h5 gxh5 27. Rxh5 Rfb8 28.
f4 Be8 29. Kd2 Rb7 30. Rhh1 a4 31. Raf1 Bd7 32. Ne3 Rab8 33. Qh2 Bc8 34. Qh3
Rb5 35. f5 Bd7 36. Qh4 Nc6 37. f6 g5 1-0

[Event "Elit(Astorp-Rockaden)"]
[Site "?"]
[Date "2008.03.08"]
[Round "10"]
[White "Ivarsson, Stefan"]
[Black "Olsson, Anders"]
[Result "1-0"]
[WhiteElo "2311"]
[BlackElo "2484"]
[PlyCount "83"]

1. g3 g6 2. Bg2 Bg7 3. c4 d6 4. Nc3 e5 5. d3 Ne7 6. e4 O-O 7. Nge2 c6 8. Bg5
Be6 9. Qd2 f6 10. Be3 a6 11. b3 b5 12. O-O Nd7 13. cxb5 axb5 14. d4 Qb8 15.
Rfd1 Rd8 16. h3 Nb6 17. Rac1 Bf7 18. Rc2 b4 19. Nb1 exd4 20. Qxd4 c5 21. Qd3
Nc6 22. f4 Ra7 23. Bf2 Rad7 24. Nd2 Ne7 25. Qe3 f5 26. g4 Re8 27. Qf3 Kh8 28.
Ng3 fxe4 29. Ndxe4 Ned5 30. Rd3 Bg8 31. Rcd2 Rf8 32. f5 Be5 33. Qd1 Nf4 34.
Rxd6 Rxd6 35. Rxd6 Nbd5 36. Bxc5 Nxg2 37. Bd4 Re8 38. Bxe5+ Rxe5 39. Qd4 Qe8
40. Kxg2 Bf7 41. Kf2 Kg7 42. Re6 1-0

[Event "Elit(Astorp-Rockaden)"]
[Site "?"]
[Date "2008.03.08"]
[Round "10"]
[White "Bator, Robert"]
[Black "Tallinger, Thomas"]
[Result "1-0"]
[WhiteElo "2413"]
[BlackElo "2203"]
[PlyCount "81"]

1. d4 e6 2. Nf3 d5 3. g3 Nf6 4. c4 c6 5. Qc2 Nbd7 6. Bg2 Be7 7. O-O O-O 8. Nbd2
b5 9. c5 a5 10. b3 Bb7 11. Bb2 Qc7 12. a3 Rae8 13. h3 Qb8 14. b4 a4 15. Rfe1
Bc8 16. e4 Qc7 17. Ne5 g6 18. Re2 Nh5 19. Rae1 Ndf6 20. exd5 exd5 21. Nxc6 Qxc6
22. Rxe7 Rd8 23. Nf3 Ne4 24. R7xe4 dxe4 25. Ne5 Qe6 26. Ng4 h6 27. Rxe4 Qd7 28.
Re5 Kg7 29. Qd2 Rh8 30. d5 f6 31. Rxh5 gxh5 32. Nxf6 Qf5 33. Nxh5+ Kf7 34. Bxh8
Rxh8 35. Nf4 Re8 36. d6 Kg7 37. c6 Be6 38. d7 Rg8 39. Qd4+ Kf7 40. Nxe6 Qxe6
41. Bd5 1-0

[Event "Elit(Astorp-Rockaden)"]
[Site "?"]
[Date "2008.03.08"]
[Round "10"]
[White "Petersson, Gosta"]
[Black "Engqvist, Thomas"]
[Result "0-1"]
[WhiteElo "2242"]
[BlackElo "2427"]
[PlyCount "74"]

1. Nf3 Nf6 2. d4 d5 3. Bf4 Bf5 4. Nbd2 e6 5. e3 Bd6 6. Ne5 Nbd7 7. Be2 Bxe5 8.
dxe5 Ne4 9. Nxe4 Bxe4 10. O-O c6 11. c3 Qc7 12. Bg3 O-O 13. f4 a5 14. Bd3 Qb6
15. Bf2 Bxd3 16. Qxd3 Qxb2 17. e4 Qa3 18. exd5 cxd5 19. Bd4 Nc5 20. Qe3 Rac8
21. g4 Ne4 22. f5 Qb2 23. Rfb1 Qc2 24. f6 Nxc3 25. fxg7 Kxg7 26. Rb2 Qe4 27.
Qg5+ Qg6 28. Qf4 Rc4 29. h4 Ne4 30. Rd1 h5 31. Rg2 Kh7 32. Be3 Rg8 33. Kh1 Nc3
34. Rd4 Rxd4 35. Bxd4 Ne4 36. Be3 Rg7 37. Rb2 Qxg4 0-1

[Event "Elit(Upsala-Skara)"]
[Site "?"]
[Date "2008.03.08"]
[Round "10"]
[White "Kotronias, Vasilios"]
[Black "Johansson, Jan"]
[Result "1/2-1/2"]
[WhiteElo "2718"]
[BlackElo "2489"]
[PlyCount "134"]

1. e4 d6 2. d4 Nf6 3. Nc3 e5 4. dxe5 dxe5 5. Qxd8+ Kxd8 6. Bc4 Be6 7. Bxe6 fxe6
8. Be3 Nbd7 9. f3 Bd6 10. Nh3 Ke7 11. Nf2 h6 12. Ke2 Nf8 13. Nd3 g5 14. Na4 Ng6
15. c4 Kf7 16. b4 Rhd8 17. c5 Be7 18. Nab2 Ng8 19. Nc4 Bf6 20. Na5 Rab8 21. g3
N8e7 22. b5 b6 23. Nc4 h5 24. a4 Rh8 25. a5 bxc5 26. Rab1 h4 27. g4 Nd5 28.
exd5 exd5 29. Rhc1 dxc4 30. Rxc4 Rhe8 31. Nxc5 Nf4+ 32. Bxf4 exf4+ 33. Ne4 Bd8
34. Rc5 Re6 35. Rd1 a6 36. bxa6 Rxa6 37. Rd7+ Ke8 38. Rh7 Re6 39. Rh8+ Kf7 40.
Rd5 Rb2+ 41. Rd2 Rxd2+ 42. Kxd2 Be7 43. Ra8 Re5 44. Kc3 Rb5 45. Ra6 Rb1 46. Kd4
Rf1 47. Ke5 Rb1 48. Ra7 Rb5+ 49. Kd4 Ke6 50. Ra6+ Kd7 51. Nd2 Rb2 52. Nc4 Rxh2
53. Rh6 Ra2 54. Ne5+ Ke8 55. a6 Bd6 56. Rh8+ Bf8 57. Ng6 Kf7 58. Nxf8 Kg7 59.
Rh5 Kxf8 60. Rxg5 Rxa6 61. Rh5 Kg7 62. Rxh4 Re6 63. g5 Rd6+ 64. Ke5 Kg6 65. Rg4
Rd7 66. Kxf4 Rd5 67. Ke4 Rxg5 1/2-1/2

[Event "Elit(Upsala-Skara)"]
[Site "?"]
[Date "2008.03.08"]
[Round "10"]
[White "Lundvik, Jonas"]
[Black "Djurhuus, Rune"]
[Result "1/2-1/2"]
[WhiteElo "2350"]
[BlackElo "2570"]
[PlyCount "84"]

1. e4 c5 2. Nf3 g6 3. c4 Bg7 4. Nc3 Nc6 5. Be2 e6 6. O-O Nge7 7. d3 O-O 8. Bf4
d5 9. cxd5 exd5 10. h3 b6 11. Qa4 Bb7 12. Rac1 a6 13. Rfe1 b5 14. Qc2 Rc8 15.
b3 Nd4 16. Qd2 Ne6 17. Bh6 dxe4 18. Bxg7 Kxg7 19. Nxe4 Nf5 20. Qb2+ f6 21. Bf1
Qd5 22. Neg5 Nxg5 23. Nxg5 Rfe8 24. Rxe8 Rxe8 25. Ne4 Qd4 26. Qc2 Bxe4 27. dxe4
Rxe4 28. Qxc5 Qxc5 29. Rxc5 Re1 30. Rc7+ Kh6 31. Ra7 Nd4 32. g3 f5 33. Kg2 Re6
34. g4 Kg5 35. gxf5 Nxf5 36. Rxh7 Re1 37. Ra7 Nh4+ 38. Kg1 Nf3+ 39. Kg2 Nh4+
40. Kg1 Nf3+ 41. Kg2 Nh4+ 42. Kg1 Nf3+ 1/2-1/2

[Event "Elit(Upsala-Skara)"]
[Site "?"]
[Date "2008.03.08"]
[Round "10"]
[White "Cicak, Slavko"]
[Black "Jansson, Borje"]
[Result "1/2-1/2"]
[WhiteElo "2581"]
[BlackElo "2297"]
[PlyCount "101"]

1. e4 e5 2. Nf3 Nc6 3. Bb5 a6 4. Ba4 Nf6 5. d3 d6 6. c4 Be7 7. h3 O-O 8. Nc3
Nd7 9. Be3 Bf6 10. Nd5 Ne7 11. O-O c5 12. Bxd7 Nxd5 13. cxd5 Bxd7 14. a3 Be7
15. Nd2 Bg5 16. Qh5 Bf4 17. Bxf4 exf4 18. Nc4 Qf6 19. Rfe1 Rad8 20. e5 dxe5 21.
Qxe5 Qg6 22. Qxf4 Bxh3 23. Ne3 Bc8 24. Rac1 b6 25. d4 cxd4 26. Rc6 Qh5 27. Qxd4
Bb7 28. Rxb6 Bxd5 29. Qc5 Rfe8 30. Rd6 Rxd6 31. Qxd6 Bb7 32. Rc1 h6 33. Qd7 Qb5
34. Qxb5 axb5 35. Rc5 Ba6 36. Nc2 Rc8 37. b4 Rd8 38. Ne3 Rd3 39. Rc6 Bb7 40.
Rb6 Be4 41. Rxb5 Rxa3 42. Rb8+ Kh7 43. b5 f5 44. b6 Ra1+ 45. Kh2 Ra2 46. Kg1
Ra1+ 47. Kh2 Ra2 48. b7 Rb2 49. Nxf5 Bxf5 50. Rf8 Rxb7 51. Rxf5 1/2-1/2

[Event "Elit(Upsala-Skara)"]
[Site "?"]
[Date "2008.03.08"]
[Round "10"]
[White "Glimbrandt, Torbjorn"]
[Black "Eklund, Lars-Goran"]
[Result "1/2-1/2"]
[WhiteElo "2313"]
[BlackElo "2355"]
[PlyCount "63"]

1. d4 d5 2. c4 c6 3. Nf3 Nf6 4. e3 Bf5 5. Bd3 Bxd3 6. Qxd3 e6 7. O-O Nbd7 8.
Nc3 Be7 9. e4 dxe4 10. Nxe4 O-O 11. Rd1 c5 12. Nxf6+ Bxf6 13. Be3 Qc7 14. Qc2
cxd4 15. Bxd4 Rfd8 16. h3 Bxd4 17. Rxd4 Ne5 18. Rxd8+ Rxd8 19. Nxe5 Qxe5 20.
Rd1 Rxd1+ 21. Qxd1 g6 22. Qd2 a5 23. b3 Kg7 24. h4 h6 25. g3 g5 26. hxg5 hxg5
27. Kh2 Kg6 28. Qd8 Qe2 29. Qg8+ Kf6 30. Qd8+ Kg6 31. Qg8+ Kf6 32. Qd8+ 1/2-1/2

[Event "Elit(Upsala-Skara)"]
[Site "?"]
[Date "2008.03.08"]
[Round "10"]
[White "Mohammadi, Amir"]
[Black "Andersson, Fredrik"]
[Result "1/2-1/2"]
[WhiteElo "2301"]
[BlackElo "2316"]
[PlyCount "55"]

1. e4 c5 2. Nc3 d6 3. g3 Nc6 4. Bg2 g6 5. d3 Bg7 6. Be3 e6 7. Qd2 Qa5 8. Nge2
Nd4 9. Nc1 Ne7 10. O-O Bd7 11. Nb3 Qc7 12. Rac1 O-O 13. Bh6 a5 14. Bxg7 Kxg7
15. Nxd4 cxd4 16. Ne2 e5 17. c3 dxc3 18. Rxc3 Qb6 19. Rb3 Qa6 20. d4 Bb5 21.
Bf3 Nc6 22. Re1 a4 23. Rc3 Bxe2 24. Bxe2 Qb6 25. dxe5 dxe5 26. Bc4 Nd4 27. Bd5
Rfe8 28. Kg2 1/2-1/2

[Event "Elit(Upsala-Skara)"]
[Site "?"]
[Date "2008.03.08"]
[Round "10"]
[White "Marttala, Thomas"]
[Black "Svensson, Sven"]
[Result "1/2-1/2"]
[WhiteElo "2272"]
[BlackElo "2279"]
[PlyCount "31"]

1. Nf3 Nf6 2. c4 e6 3. g3 c5 4. Bg2 Nc6 5. O-O d5 6. d3 Be7 7. Na3 O-O 8. b3 b6
9. Bb2 Bb7 10. Nc2 Qc7 11. cxd5 Nxd5 12. Rc1 Rfd8 13. Qd2 Bf6 14. Ne3 Qe7 15.
Nxd5 Rxd5 16. Bxf6 1/2-1/2

[Event "Elit(Upsala-Skara)"]
[Site "?"]
[Date "2008.03.08"]
[Round "10"]
[White "Andersson, Goran"]
[Black "Burwick, Malte"]
[Result "1/2-1/2"]
[WhiteElo "2198"]
[BlackElo "2285"]
[PlyCount "110"]

1. e4 g6 2. d4 Bg7 3. c4 d6 4. Nc3 e5 5. Nf3 Nc6 6. d5 Nce7 7. Bd3 h6 8. h4 Nf6
9. Nh2 c6 10. g4 cxd5 11. cxd5 h5 12. g5 Nd7 13. Be3 a6 14. b4 O-O 15. O-O f6
16. Rc1 Rf7 17. a4 b6 18. f3 Kh8 19. Rf2 Nf8 20. Kh1 Ng8 21. f4 exf4 22. Rxf4
Rb7 23. Nf3 Bg4 24. Qg1 Nd7 25. Rxg4 hxg4 26. Qxg4 Qe8 27. Nd4 Ne5 28. Qe2 Bf8
29. Bxa6 Rh7 30. Bb5 Rxh4+ 31. Kg2 Qf7 32. Rh1 Rxh1 33. Kxh1 Qh7+ 34. Kg1 Rc8
35. Nc6 Qh3 36. Nxe5 dxe5 37. Bc6 Bxb4 38. Nb5 Qg3+ 39. Kh1 Kg7 40. Qf2 Qh3+
41. Kg1 fxg5 42. Bxb6 Ne7 43. Nc7 Nxc6 44. dxc6 Bd6 45. Nd5 Qg4+ 46. Qg2 Qd1+
47. Qf1 Qg4+ 48. Qg2 Qxg2+ 49. Kxg2 Rxc6 50. a5 Rc4 51. a6 Rxe4 52. a7 Ra4 53.
Nc3 Ra1 54. Nb5 Ra2+ 55. Kf1 Rxa7 1/2-1/2

[Event "Elit(Upsala-Skara)"]
[Site "?"]
[Date "2008.03.08"]
[Round "10"]
[White "Lindberg, Henrik"]
[Black "Friberg, Hans"]
[Result "1-0"]
[WhiteElo "2289"]
[BlackElo "2285"]
[PlyCount "56"]

1. e4 e6 2. d4 d5 3. Nc3 Bb4 4. e5 Ne7 5. Nf3 c5 6. dxc5 Nbc6 7. Bd3 d4 8. a3
dxc3 9. axb4 cxb2 10. Bxb2 Nxb4 11. Be4 Qxd1+ 12. Kxd1 O-O 13. Nd2 Rd8 14. Kc1
Nbc6 15. Nc4 Bd7 16. Rd1 Be8 17. Rxd8 Rxd8 18. Nd6 Rb8 19. Ra3 Kf8 20. f4 h5
21. g3 g6 22. h3 Bd7 23. g4 hxg4 24. hxg4 b6 25. cxb6 axb6 26. Rh3 Kg7 27. f5
Nd5 28. Bxd5 exd5 1-0

[Event "Elit(Astorp-Vasteras)"]
[Site "?"]
[Date "2008.03.09"]
[Round "11"]
[White "Akesson, Ralf"]
[Black "Sjodahl, Pontus"]
[Result "1-0"]
[WhiteElo "2537"]
[BlackElo "2487"]
[PlyCount "73"]
[SourceDate "2008.03.13"]

1. d4 Nf6 2. c4 e6 3. Nf3 d5 4. g3 dxc4 5. Bg2 Nc6 6. Qa4 Bb4+ 7. Bd2 Nd5 8.
Bxb4 Ndxb4 9. a3 b5 10. Qxb5 Nc2+ 11. Kd2 Nxa1 12. Qxc6+ Bd7 13. Qxc4 c5 14.
Qa2 Qa5+ 15. Nc3 Bc6 16. d5 Bxd5 17. Qxa1 O-O 18. Rc1 Rab8 19. Ke1 Qb6 20. Nxd5
exd5 21. Rc2 Rfd8 22. Kf1 a5 23. Kg1 Rbc8 24. Qd1 Qb3 25. Qc1 Qb6 26. Nd4 g6
27. h4 h5 28. Bh3 Rc7 29. Qf4 Re8 30. Nf3 Rce7 31. Bf1 Kg7 32. Qd2 d4 33. Qc1
Qf6 34. Ne1 c4 35. Rxc4 Rxe2 36. Bxe2 Rxe2 37. Nd3 1-0

[Event "Elit(Astorp-Vasteras)"]
[Site "?"]
[Date "2008.03.09"]
[Round "11"]
[White "Hoi, Carsten"]
[Black "Norberg, Johan"]
[Result "0-1"]
[WhiteElo "2404"]
[BlackElo "2379"]
[PlyCount "112"]

1. d4 d6 2. Nf3 g6 3. c4 Bg7 4. Nc3 Nf6 5. e4 O-O 6. h3 e5 7. d5 Nbd7 8. Be3
Nc5 9. Nd2 a5 10. Be2 Ne8 11. g4 f5 12. gxf5 gxf5 13. Qc2 Na6 14. exf5 Bxf5 15.
Nde4 Qh4 16. a3 Nc5 17. Bxc5 dxc5 18. O-O-O Qxf2 19. Rhf1 Qe3+ 20. Kb1 Nd6 21.
Bd3 Nxe4 22. Bxe4 Bxe4 23. Nxe4 Rxf1 24. Rxf1 Qxh3 25. Rg1 Rf8 26. Ng5 Qf5 27.
Ne6 Qxc2+ 28. Kxc2 Rf7 29. Nxc5 Rf2+ 30. Kd3 Kf7 31. Nxb7 Rxb2 32. Nd8+ Kf6 33.
Ne6 Bh6 34. Rf1+ Ke7 35. Rh1 Bf4 36. Rxh7+ Kd6 37. Nxf4 exf4 38. Rh6+ Ke5 39.
Rh5+ Kd6 40. Rh6+ Ke5 41. Re6+ Kf5 42. Re7 f3 43. Kd4 f2 44. Rf7+ Kg4 45. Ke3
Kg3 46. Rg7+ Kh2 47. Rh7+ Kg2 48. Rg7+ Kf1 49. Rxc7 Rb3+ 50. Kd2 Kg2 51. Rg7+
Rg3 52. Rf7 Rf3 53. Rg7+ Kh3 54. Rh7+ Kg4 55. Rh1 f1=Q 56. Rxf1 Rxf1 0-1

[Event "Elit(Astorp-Vasteras)"]
[Site "?"]
[Date "2008.03.09"]
[Round "11"]
[White "Norberg, Erik"]
[Black "Jakobsen, Ole"]
[Result "1/2-1/2"]
[WhiteElo "2281"]
[BlackElo "2374"]
[PlyCount "97"]

1. c4 e5 2. Nc3 Nf6 3. g3 d5 4. cxd5 Nxd5 5. Bg2 Nb6 6. Nf3 Nc6 7. d3 Be7 8.
O-O O-O 9. Bd2 Be6 10. Rc1 Qd7 11. a3 f6 12. Ne4 Nd4 13. Nxd4 exd4 14. Qc2 c6
15. Nc5 Bxc5 16. Qxc5 Rfe8 17. Rfe1 Bg4 18. e4 dxe3 19. Bxe3 Qxd3 20. Qb4 Be2
21. Bxb6 axb6 22. Qxb6 Qd7 23. h3 Bh5 24. Qc5 Qd2 25. Rf1 Be2 26. Rc2 Qd3 27.
Rfc1 Rad8 28. Qc3 Bd1 29. Qxd3 Rxd3 30. Rc4 Rd2 31. b4 Ba4 32. Re4 Kf7 33. Rce1
Rxe4 34. Bxe4 g6 35. Re3 Bb5 36. g4 Re2 37. Rxe2 Bxe2 38. f4 h6 39. Kf2 Bd1 40.
Ke3 Ba4 41. Kd4 b6 42. h4 Kg7 43. g5 hxg5 44. hxg5 Kf7 45. Bd3 Bd1 46. b5 Bf3
47. a4 cxb5 48. axb5 Bg2 49. Bc4+ 1/2-1/2

[Event "Elit(Astorp-Vasteras)"]
[Site "?"]
[Date "2008.03.09"]
[Round "11"]
[White "Tairi, Faruk"]
[Black "Eriksson, Anders"]
[Result "1-0"]
[WhiteElo "2461"]
[BlackElo "2389"]
[PlyCount "55"]

1. e4 c6 2. d4 d5 3. Nd2 dxe4 4. Nxe4 Nd7 5. Ng5 Ngf6 6. Bd3 e6 7. N1f3 Bd6 8.
O-O h6 9. Ne4 Nxe4 10. Bxe4 Nf6 11. Bd3 O-O 12. Ne5 Qc7 13. Re1 c5 14. c3 cxd4
15. cxd4 Rd8 16. Qf3 Bb4 17. Bxh6 Bxe1 18. Bxg7 Ne8 19. Bh6 f5 20. Qg3+ Ng7 21.
Rc1 Qe7 22. Bg5 Qf8 23. Rc7 Ba5 24. Re7 Rxd4 25. Ng6 Rg4 26. Qh3 Qxe7 27. Qh8+
Kf7 28. Ne5# 1-0

[Event "Elit(Astorp-Vasteras)"]
[Site "?"]
[Date "2008.03.09"]
[Round "11"]
[White "Nilsson, Andre"]
[Black "Petersson, Gosta"]
[Result "1/2-1/2"]
[WhiteElo "2323"]
[BlackElo "2242"]
[PlyCount "46"]

1. g3 d5 2. Bg2 Nf6 3. Nf3 g6 4. O-O Bg7 5. d3 O-O 6. Nbd2 c6 7. e4 a5 8. Re1
Na6 9. e5 Nd7 10. Nf1 f6 11. exf6 exf6 12. h4 Ne5 13. N1h2 Nf7 14. b3 Bd7 15.
Bb2 Qc7 16. a3 Rfe8 17. Qd2 b6 18. Rxe8+ Rxe8 19. Re1 Rxe1+ 20. Qxe1 Qd6 21. d4
Nc7 22. Qe2 h5 23. Ne1 Qe6 1/2-1/2

[Event "Elit(Astorp-Vasteras)"]
[Site "?"]
[Date "2008.03.09"]
[Round "11"]
[White "Tallinger, Thomas"]
[Black "Janse, Rasmus"]
[Result "0-1"]
[WhiteElo "2203"]
[BlackElo "2214"]
[PlyCount "46"]

1. e4 e6 2. d4 d5 3. Nc3 Bb4 4. e5 c5 5. a3 Bxc3+ 6. bxc3 Ne7 7. Qg4 O-O 8. Bd3
Nbc6 9. Nf3 f5 10. exf6 Rxf6 11. Bg5 e5 12. Qg3 Rxf3 13. gxf3 c4 14. Be2 Qa5
15. Bd2 Nf5 16. Qg5 exd4 17. cxd4 c3 18. Be3 Ncxd4 19. Bxd4 Nxd4 20. Qe5 Qc5
21. Kd1 Bf5 22. Bd3 Bxd3 23. cxd3 c2+ 0-1

[Event "Elit(Astorp-Vasteras)"]
[Site "?"]
[Date "2008.03.09"]
[Round "11"]
[White "Adahl, Mattias"]
[Black "Ivarsson, Stefan"]
[Result "0-1"]
[WhiteElo "2165"]
[BlackElo "2311"]
[PlyCount "110"]

1. e4 e6 2. d4 d5 3. Nc3 Bb4 4. e5 c5 5. a3 Bxc3+ 6. bxc3 Ne7 7. Nf3 Qa5 8. Qd2
Nbc6 9. Bd3 Bd7 10. O-O c4 11. Be2 Qa4 12. Ne1 O-O-O 13. g3 Rdf8 14. Ng2 f6 15.
exf6 gxf6 16. Ne3 Kb8 17. Bf3 Ka8 18. Qe2 Be8 19. Rd1 Bg6 20. Ra2 Qa5 21. a4
Qxc3 22. Bb2 Qa5 23. Ba3 Qc7 24. Ng2 Qd7 25. Nf4 Bf7 26. a5 Nf5 27. c3 Nd6 28.
a6 b6 29. Qc2 Kb8 30. Rb2 Kc7 31. Bc5 Rb8 32. Rdb1 Na5 33. Bb4 Nb3 34. Re1 Rbe8
35. Bg2 Qc6 36. Qd1 f5 37. Rbe2 Ne4 38. f3 Nf6 39. Bh3 Kb8 40. Kf2 h5 41. Re3
h4 42. Qe2 hxg3+ 43. hxg3 Rh6 44. Bg2 Kc8 45. Rh1 Rxh1 46. Bxh1 Kd7 47. Bg2 Rh8
48. Rxe6 Bxe6 49. Ng6 Nc1 50. Qd2 Nd3+ 51. Kg1 Rh5 52. Qe3 Kc7 53. Nf8 Bd7 54.
Bf1 Nxb4 55. cxb4 Qd6 0-1

[Event "Elit(Astorp-Vasteras)"]
[Site "?"]
[Date "2008.03.09"]
[Round "11"]
[White "Nilsson, Anders"]
[Black "Wikstrom, Per"]
[Result "1/2-1/2"]
[WhiteElo "2222"]
[BlackElo "2181"]
[PlyCount "67"]
[SourceDate "2008.03.13"]

1. d4 d5 2. c4 c6 3. cxd5 cxd5 4. Nc3 Nc6 5. Bf4 Nf6 6. e3 e6 7. Bd3 Bd6 8.
Bxd6 Qxd6 9. f4 a6 10. Nf3 b5 11. O-O Bb7 12. Ne5 Rc8 13. Rf3 Qb4 14. Qb1 g6
15. Qe1 Qe7 16. Rc1 Nb8 17. Rf2 O-O 18. Rfc2 Nbd7 19. Qh4 Kg7 20. h3 Nb6 21. b3
Ng8 22. Qg3 b4 23. Ne2 Rxc2 24. Rxc2 Rc8 25. h4 Rxc2 26. Bxc2 Nf6 27. Kh2 a5
28. Bd3 Nc8 29. Qh3 Nd6 30. g4 Nfe4 31. Kg2 f6 32. Nf3 Bc6 33. g5 Bb5 34. Bxb5
1/2-1/2

[Event "Elit(Rockaden-Limhamn)"]
[Site "?"]
[Date "2008.03.09"]
[Round "11"]
[White "Brynell, Stellan"]
[Black "Barkhagen, Jonas"]
[Result "1-0"]
[WhiteElo "2602"]
[BlackElo "2549"]
[PlyCount "51"]

1. d4 Nf6 2. c4 e6 3. Nf3 b6 4. g3 Ba6 5. b3 b5 6. cxb5 Bxb5 7. Bg2 d5 8. O-O
Nbd7 9. Nc3 Bc6 10. Bb2 Bb7 11. Rc1 c5 12. Na4 cxd4 13. Nxd4 Rc8 14. Qd3 a6 15.
Rxc8 Qxc8 16. Rc1 Qa8 17. Qe3 Be7 18. Bh3 Ne4 19. Nxe6 fxe6 20. Bxe6 Nf8 21.
Nb6 Qa7 22. Rc7 Qb8 23. Rxb7 Qxb7 24. Bxd5 Qc7 25. Bxe4 Ne6 26. Bd5 1-0

[Event "Elit(Rockaden-Limhamn)"]
[Site "?"]
[Date "2008.03.09"]
[Round "11"]
[White "Nielsen, Peter Heine"]
[Black "Ahlander, Bjorn"]
[Result "1/2-1/2"]
[WhiteElo "2675"]
[BlackElo "2534"]
[PlyCount "69"]

1. d4 Nf6 2. c4 e6 3. Nf3 d5 4. g3 dxc4 5. Bg2 Nc6 6. Qa4 Bd6 7. Nbd2 Bd7 8.
Qxc4 O-O 9. O-O Qe8 10. Nb3 e5 11. Bg5 Be6 12. Qc1 Nd7 13. dxe5 Ndxe5 14. Nxe5
Bxe5 15. Rd1 Bxb3 16. axb3 Nd4 17. Qc4 h6 18. Be3 b5 19. Qd3 Rd8 20. Kh1 Qe6
21. b4 a6 22. Qe4 Bf6 23. h4 Qxe4 24. Bxe4 Nxe2 25. Bc5 Rfe8 26. Bc6 Rxd1+ 27.
Rxd1 Rd8 28. Rxd8+ Bxd8 29. Bb7 Bf6 30. Bxa6 Nd4 31. Kg2 Ne6 32. Be3 Bxb2 33.
Bxb5 Bc3 34. Bc5 Nxc5 35. bxc5 1/2-1/2

[Event "Elit(Rockaden-Limhamn)"]
[Site "?"]
[Date "2008.03.09"]
[Round "11"]
[White "Jepson, Christian"]
[Black "Karlsson, Lars"]
[Result "0-1"]
[WhiteElo "2438"]
[BlackElo "2538"]
[PlyCount "78"]

1. d4 f5 2. g3 Nf6 3. Bg2 e6 4. Nf3 d5 5. O-O Bd6 6. c4 c6 7. Nc3 O-O 8. Qc2
Qe7 9. Rb1 Nbd7 10. c5 Bc7 11. Bf4 e5 12. dxe5 Ne4 13. b4 Nxe5 14. Nxe5 Bxe5
15. Bxe5 Qxe5 16. Rbc1 g5 17. e3 Nxc3 18. Qxc3 Qxc3 19. Rxc3 f4 20. gxf4 gxf4
21. e4 d4 22. Rd3 Be6 23. Rfd1 Bxa2 24. Ra3 Be6 25. Rxd4 a6 26. Rd6 Kf7 27. Bh3
Rae8 28. Bxe6+ Rxe6 29. Rxe6 Kxe6 30. Kg2 Ke5 31. Rh3 Kxe4 32. Rxh7 Rg8+ 33.
Kf1 Rd8 34. Ke1 Kf3 35. Rh3+ Kg2 36. Rh7 Re8+ 37. Kd2 Kxf2 38. Rxb7 Rd8+ 39.
Kc3 f3 0-1

[Event "Elit(Rockaden-Limhamn)"]
[Site "?"]
[Date "2008.03.09"]
[Round "11"]
[White "Olsson, Anders"]
[Black "Schneider, Stefan"]
[Result "1/2-1/2"]
[WhiteElo "2484"]
[BlackElo "2453"]
[PlyCount "74"]

1. e4 e6 2. d4 d5 3. e5 c5 4. c3 Qb6 5. Nf3 Bd7 6. Be2 cxd4 7. Nxd4 Nc6 8. Nxc6
bxc6 9. Nd2 Nh6 10. O-O Nf5 11. Nf3 Be7 12. Bd3 Rd8 13. Re1 c5 14. Ng5 h6 15.
Nh3 d4 16. c4 Bc6 17. Nf4 Nh4 18. Be4 Qb7 19. Qa4 Bxa4 20. Bxb7 Bc2 21. Bc6+
Kf8 22. Bd2 g5 23. Nh5 Bg6 24. Ng3 Kg7 25. b3 Rc8 26. Be4 Bxe4 27. Nxe4 Ng6 28.
Ng3 h5 29. Re4 Nh4 30. Rd1 Kg6 31. Ne2 Rhd8 32. Nc1 Kf5 33. f3 Kg6 34. Nd3 Rd7
35. Kf2 Nf5 36. Ke2 a6 37. Rg1 h4 1/2-1/2

[Event "Elit(Rockaden-Limhamn)"]
[Site "?"]
[Date "2008.03.09"]
[Round "11"]
[White "Eriksson, Magnus"]
[Black "Cmilyte, Viktorija"]
[Result "1/2-1/2"]
[WhiteElo "2427"]
[BlackElo "2525"]
[PlyCount "82"]

1. d4 f5 2. g3 Nf6 3. Bg2 g6 4. Nf3 Bg7 5. O-O O-O 6. c4 d6 7. Nc3 c6 8. d5 e5
9. dxe6 Bxe6 10. Qd3 Re8 11. Ng5 Na6 12. Nxe6 Rxe6 13. Qc2 Qe7 14. Rb1 Nc5 15.
e3 a5 16. b3 Ng4 17. Ne2 Qf7 18. a3 Ne5 19. b4 axb4 20. axb4 Ne4 21. Bb2 Ra2
22. Nc1 Ra8 23. Ne2 Ree8 24. Bxe5 Rxe5 25. Ra1 Rd8 26. Ra7 Re7 27. Rc1 d5 28.
b5 Be5 29. bxc6 bxc6 30. Rxe7 Qxe7 31. cxd5 cxd5 32. Qb3 Kg7 33. Rd1 Qf7 34.
Nd4 Bxd4 35. Rxd4 Rd7 36. h4 Nf6 37. Bf3 Rb7 38. Qa2 Ra7 39. Qb3 Rb7 40. Qa2
Ra7 41. Qb3 Rb7 1/2-1/2

[Event "Elit(Rockaden-Limhamn)"]
[Site "?"]
[Date "2008.03.09"]
[Round "11"]
[White "Engqvist, Thomas"]
[Black "Penalver, Osmani"]
[Result "1-0"]
[WhiteElo "2427"]
[BlackElo "2280"]
[PlyCount "59"]

1. Nf3 Nf6 2. c4 e6 3. Nc3 Bb4 4. Qc2 b6 5. a3 Bxc3 6. Qxc3 Bb7 7. d3 O-O 8. b3
d6 9. Bb2 e5 10. e3 Nbd7 11. Be2 Nc5 12. O-O Ne8 13. d4 Ne4 14. Qc2 exd4 15.
Bd3 f5 16. Nxd4 Qe7 17. f3 Nc5 18. Nxf5 Qe6 19. g4 h5 20. h3 g6 21. Qc3 Kh7 22.
Bc2 gxf5 23. Bxf5+ Rxf5 24. Qh8+ Kg6 25. gxf5+ Qxf5 26. Qg8+ Kh6 27. Qh8+ Qh7
28. Qf8+ Ng7 29. Qf4+ Kg6 30. Qf6# 1-0

[Event "Elit(Rockaden-Limhamn)"]
[Site "?"]
[Date "2008.03.09"]
[Round "11"]
[White "Tadjerbashi, Amir"]
[Black "Hedman, Erik"]
[Result "0-1"]
[WhiteElo "2259"]
[BlackElo "2435"]
[PlyCount "78"]

1. e4 c5 2. Nf3 d6 3. d4 cxd4 4. Nxd4 Nf6 5. Nc3 a6 6. g3 e5 7. Nde2 Be7 8. Bg2
O-O 9. O-O b5 10. h3 Nbd7 11. g4 b4 12. Nd5 Nxd5 13. exd5 a5 14. Ng3 Nc5 15.
Re1 Bg5 16. Bxg5 Qxg5 17. a3 Rb8 18. axb4 Rxb4 19. Rxa5 Rxb2 20. Re3 Bd7 21.
Rea3 Rfb8 22. Ra8 Qd8 23. Rxb8 Qxb8 24. Kh2 Rb4 25. Qa1 Ra4 26. Rxa4 Bxa4 27.
Ne4 Nxe4 28. Bxe4 Qb4 29. Qh1 Qc5 30. Bxh7+ Kxh7 31. Qe4+ f5 32. Qxa4 Qxf2+ 33.
Kh1 Qf1+ 34. Kh2 Qf2+ 35. Kh1 Qe1+ 36. Kh2 f4 37. Qb3 e4 38. g5 Qf2+ 39. Kh1 f3
0-1

[Event "Elit(Rockaden-Limhamn)"]
[Site "?"]
[Date "2008.03.09"]
[Round "11"]
[White "Bator, Robert"]
[Black "Eklund, Joel"]
[Result "1-0"]
[WhiteElo "2413"]
[BlackElo "2249"]
[PlyCount "47"]

1. d4 Nf6 2. Nf3 c5 3. d5 d6 4. c4 e5 5. Nc3 e4 6. Ng5 Bf5 7. Qc2 Qe7 8. g4
Bxg4 9. Ngxe4 Nxe4 10. Nxe4 Nd7 11. Bf4 Ne5 12. Bg2 Bd7 13. b4 b6 14. bxc5 bxc5
15. Rb1 h6 16. Nxc5 Rc8 17. Nxd7 Qxd7 18. c5 Rxc5 19. Rb8+ Ke7 20. Qb3 g5 21.
Bxe5 dxe5 22. Qe3 Qc7 23. Rb7 Qxb7 24. d6+ 1-0

[Event "Elit(Manhem-Upsala)"]
[Site "?"]
[Date "2008.03.09"]
[Round "11"]
[White "Lundvik, Jonas"]
[Black "Carlhammar, Magnus"]
[Result "1/2-1/2"]
[WhiteElo "2350"]
[BlackElo "2356"]
[PlyCount "118"]

1. d4 d5 2. Nf3 Nf6 3. c4 e6 4. Nc3 Be7 5. Bf4 O-O 6. e3 c5 7. Be2 cxd4 8. Nxd4
Nc6 9. Nxc6 bxc6 10. O-O Bd6 11. Bxd6 Qxd6 12. Qc2 Rb8 13. Rfd1 Qb4 14. Qa4 Qb6
15. Rd2 Bd7 16. Rad1 Rfd8 17. Qc2 Be8 18. h3 h6 19. b3 Qa5 20. Rd4 Rbc8 21. Qb2
Qb6 22. Rh4 dxc4 23. Rxc4 Rxd1+ 24. Bxd1 Rd8 25. Bf3 Nd5 26. Rg4 g6 27. h4 Qa5
28. b4 Qc7 29. Rc4 Qe7 30. Ne2 Rb8 31. a3 a5 32. Qe5 Rb5 33. Nc3 Nb6 34. Rc5
Rxc5 35. Qxc5 Qxc5 36. bxc5 Nc4 37. Nb1 Ne5 38. Nd2 Kf8 39. Be4 f5 40. Bc2 Nd7
41. Nc4 Nxc5 42. Nxa5 Ke7 43. Nc4 g5 44. f4 gxh4 45. Kh2 Bh5 46. Kh3 Be2 47.
Ne5 Kd6 48. Kxh4 Nd7 49. Nxd7 Kxd7 50. e4 fxe4 51. Bxe4 Bd1 52. g4 c5 53. Bd3
Bb3 54. Kh5 c4 55. Be4 c3 56. Kxh6 c2 57. Bxc2 Bxc2 58. f5 exf5 59. gxf5 Bxf5
1/2-1/2